| 000 | 00690nam a2200217Ia 4500 | ||
|---|---|---|---|
| 003 | GCL | ||
| 005 | 20240530102118.0 | ||
| 008 | 140319s9999 xx 000 0 ara d | ||
| 040 |
_aGCL / _cGCL |
||
| 082 | 0 | 4 |
_a331.8832 _bق/م ت |
| 100 | 1 | _aمحمود ابوالاسعاد | |
| 245 | 1 | 0 |
_aتطوير نقابة المعلمين المصريين / _cمحمود ابوالاسعاد |
| 260 |
_a[S.N] : _bالهيئة المصرية العامة للكتاب ، _c1993 |
||
| 300 | _a119 ص | ||
| 650 | 0 | 4 | _aمصر |
| 650 | 0 | 4 | _aالنقابات |
| 650 | 0 | 4 | _aالنقابات المهنية |
| 650 | 0 | 4 | _aنقابة المعلمين |
| 650 | 0 | 4 | _aالمدرسون |
| 942 |
_2ddc _cBK |
||
| 999 |
_c29920 _d29920 |
||